000 00550nam a22002057a 4500
999 _c6827
_d6827
003 OSt
005 20230313102041.0
008 210320b ||||| |||| 00| 0 eng d
020 _a0321435648
040 _cDLC
082 _a530 WOL 2007
100 _aWolfson, Richard
_911872
245 _aEssential University Physics
250 _a1st.ed. vol.1
260 _aSan Francicso;
_bPearson,
_c2007
300 _axviii,325p;
_bcol.ill :
_c28 cm
504 _aIncludes bibliographical references and index
650 _2Physics
942 _2ddc
_cO_SHELF